[Event "V Open Natale Vomero"]
[Site "Napoli ITA"]
[Date "2009.12.17"]
[Round "7"]
[White "Angelotti, Mario"]
[Black "Lerro, Luca"]
[Result "1/2-1/2"]
[WhiteElo "1428"]
[BlackElo "1431"]
[PlyCount "86"]
[EventDate "2009.11.05"]

1. e4 e5 2. Nf3 Nc6 3. d4 exd4 4. Nxd4 Qf6 5. Be3 Bc5 6. c3 Nge7 7. Bc4 O-O 8.
O-O a6 9. f4 d6 10. Qd3 Be6 11. Nxe6 fxe6 12. f5 Bxe3+ 13. Qxe3 d5 14. Bb3 Rad8
15. Nd2 Kh8 16. fxe6 Qxe6 17. Qg3 Ne5 18. Rae1 Qb6+ 19. Kh1 N5g6 20. exd5 Nxd5
21. Rxf8+ Nxf8 22. Nc4 Qf6 23. Qe5 h6 24. Na5 b6 25. Qxf6 Nxf6 26. Nc6 Rd2 27.
Nd4 N8d7 28. Ne6 c5 29. Rb1 Ne5 30. h3 c4 31. Bd1 Nd3 32. Bf3 Nxb2 33. Bb7 a5
34. Bc6 Nd5 35. Bxd5 Rxd5 36. Rxb2 b5 37. Nc7 Rd1+ 38. Kh2 b4 39. cxb4 c3 40.
Rc2 axb4 41. Nb5 Rd2 42. Rc1 Rxa2 43. Nxc3 bxc3 1/2-1/2

[Event "V Open Natale Vomero"]
[Site "Napoli ITA"]
[Date "2009.12.17"]
[Round "7"]
[White "Borrelli, Salvatore"]
[Black "Pinto, Gaetano"]
[Result "0-1"]
[WhiteElo "1945"]
[BlackElo "2049"]
[PlyCount "114"]
[EventDate "2009.11.05"]

1. d4 d6 2. e4 Nf6 3. Nc3 Nbd7 4. Nf3 e5 5. Bc4 Be7 6. O-O O-O 7. Qe2 c6 8. Bg5
b5 9. Bd3 Bb7 10. dxe5 dxe5 11. Rfd1 Qc7 12. Be3 Bc5 13. h3 Rfe8 14. a4 a6 15.
Nh4 Bxe3 16. Qxe3 Nf8 17. Nf5 Ne6 18. Ne2 Red8 19. Neg3 Rd7 20. c3 Rad8 21.
axb5 cxb5 22. Bc2 Rxd1+ 23. Rxd1 Rxd1+ 24. Bxd1 Qc5 25. Qd3 g6 26. Nh6+ Kg7 27.
Ng4 h5 28. Nxf6 Kxf6 29. Bb3 Qe7 30. Nf1 Kg7 31. Nd2 Nf4 32. Qe3 Qg5 33. Qf3
Nxh3+ 34. Qxh3 Qxd2 35. Qf3 f5 36. Qg3 Qe1+ 37. Kh2 Qxe4 38. Qg5 Qf4+ 39. Qxf4
exf4 40. Bd1 Bd5 41. Be2 h4 42. g3 fxg3+ 43. fxg3 hxg3+ 44. Kxg3 Kf6 45. Kf4
g5+ 46. Kg3 Ke5 47. Bh5 f4+ 48. Kf2 Be6 49. Be8 g4 50. Bc6 g3+ 51. Kg1 Bd5 52.
Bd7 f3 53. Bc8 a5 54. Ba6 Bc6 55. Bc8 Kf4 56. Bh3 f2+ 57. Kf1 Ke3 0-1

[Event "V Open Natale Vomero"]
[Site "Napoli ITA"]
[Date "2009.12.17"]
[Round "7"]
[White "Caiazzo, Diego"]
[Black "De Meo, Guido"]
[Result "1/2-1/2"]
[WhiteElo "1874"]
[BlackElo "1911"]
[PlyCount "161"]
[EventDate "2009.11.05"]

1. Nf3 c5 2. c4 Nc6 3. g3 g6 4. Bg2 Bg7 5. O-O Nf6 6. Nc3 O-O 7. d3 d6 8. Bd2
Bg4 9. e3 Ne5 10. Qe2 Qc8 11. e4 a6 12. Rac1 e6 13. b3 Nfd7 14. h3 Bxf3 15.
Bxf3 Nc6 16. Be3 Nde5 17. Bg2 Nb4 18. Rfd1 Rb8 19. d4 cxd4 20. Bxd4 Nbc6 21.
Be3 Rd8 22. f4 Nd7 23. Rxd6 Bf8 24. Rdd1 Bb4 25. e5 Ne7 26. Bf2 Qc7 27. Ne4 Nc8
28. Rd3 Ncb6 29. Rcd1 Kg7 30. Kh2 h6 31. Qb2 Be7 32. Qd2 f6 33. exf6+ Nxf6 34.
Bd4 Nbd7 35. Nxf6 Nxf6 36. Qb2 Kf7 37. Be5 Qb6 38. Bxb8 Rxb8 39. Qe2 Re8 40.
Qf3 Rb8 41. Qe3 Bc5 42. Qe5 Rc8 43. Qe2 Re8 44. Qc2 Re7 45. Qb2 Re8 46. a3 a5
47. Rb1 Qc7 48. Qe5 Qe7 49. a4 b6 50. Rbd1 Qf8 51. Bc6 Re7 52. Rd8 Qg7 53. Rc8
g5 54. fxg5 Qxg5 55. Qxg5 hxg5 56. Rf1 Kg6 57. Rd8 e5 58. Re1 e4 59. Rdd1 e3
60. Re2 g4 61. Kg2 gxh3+ 62. Kxh3 Kg5 63. Bf3 Ne8 64. Rd5+ Kf6 65. g4 Nd6 66.
Rh5 Kg6 67. Kh4 Nf7 68. Rd5 Ne5 69. Be4+ Kg7 70. Bf5 Kf6 71. Rd8 Nf3+ 72. Kg3
Nd4 73. Rxd4 Bxd4 74. Kf3 Bc5 75. Be4 Kg5 76. Bf5 Re8 77. Re1 Rd8 78. Re2 Rd1
79. Bc2 Rf1+ 80. Kg2 Ra1 81. Kf3 {...} 1/2-1/2

[Event "V Open Natale Vomero"]
[Site "Napoli ITA"]
[Date "2009.12.17"]
[Round "7"]
[White "Capaldo, Salvatore"]
[Black "Vannini, Aldo"]
[Result "1-0"]
[WhiteElo "1696"]
[BlackElo "1828"]
[PlyCount "45"]
[EventDate "2009.11.05"]

1. e4 c5 2. Nf3 d6 3. d4 cxd4 4. Nxd4 Nf6 5. Nc3 a6 6. Be2 Nc6 7. O-O e6 8. f4
Qb6 9. Be3 Qxb2 10. Qd2 Be7 11. a3 Qb6 12. Nxe6 Qa5 13. Nxg7+ Kf8 14. f5 Rg8
15. Bh6 Rxg7 16. Qe1 Qe5 17. Rd1 Nd4 18. Bd3 d5 19. Nxd5 Ng4 20. Bxg7+ Qxg7 21.
Nxe7 Kxe7 22. Qh4+ Kf8 23. Qd8# 1-0

[Event "V Open Natale Vomero"]
[Site "Napoli ITA"]
[Date "2009.12.17"]
[Round "7"]
[White "Esposito, Pino"]
[Black "Gallina, Giacomo"]
[Result "1-0"]
[WhiteElo "1815"]
[BlackElo "1810"]
[PlyCount "105"]
[EventDate "2009.11.05"]

1. Nf3 Nc6 2. d4 e6 3. c4 d5 4. Nc3 Nf6 5. Bg5 dxc4 6. e3 Nb4 7. Bxc4 c6 8. e4
h6 9. Bh4 g5 10. Bg3 Nh5 11. a3 Nxg3 12. hxg3 Na6 13. Qd2 Bg7 14. Rd1 b5 15.
Ba2 b4 16. Ne2 Rb8 17. Bc4 bxa3 18. bxa3 Qd6 19. Qa5 Rb6 20. O-O O-O 21. Rb1
Qc7 22. Qa4 Rd8 23. Rfd1 Qb7 24. Rxb6 axb6 25. Qc2 Nc7 26. a4 Qa8 27. Rb1 Qa5
28. Qb3 Ba6 29. Bxa6 Qxa6 30. Qxb6 Rc8 31. Qxa6 Nxa6 32. Rb6 Nb8 33. a5 Nd7 34.
Rb7 Nf6 35. a6 Bf8 36. a7 Ra8 37. Ne5 Nxe4 38. Nxc6 Nd6 39. Rb8 Rxa7 40. Nxa7
Kg7 41. Nc6 f5 42. Kf1 Kf7 43. Ke1 h5 44. Ne5+ Kg7 45. Rd8 Ne4 46. f3 Bb4+ 47.
Kd1 Nf2+ 48. Kc2 g4 49. Rd7+ Kg8 50. Nf4 gxf3 51. gxf3 Ba3 52. Neg6 Bb4 53.
Nxh5 1-0

[Event "V Open Natale Vomero"]
[Site "Napoli ITA"]
[Date "2009.12.17"]
[Round "7"]
[White "Khosravani, Afshin"]
[Black "Zinnai, Graziano Matteo"]
[Result "0-1"]
[WhiteElo "1446"]
[BlackElo "1620"]
[PlyCount "68"]
[EventDate "2009.11.05"]

1. f4 e5 2. fxe5 d6 3. exd6 Bxd6 4. Nf3 g5 5. d4 g4 6. Ne5 Bxe5 7. dxe5 Qxd1+
8. Kxd1 Nc6 9. Bf4 Nge7 10. e3 a6 11. Nc3 Bf5 12. Bd3 O-O-O 13. Ke2 Nb4 14.
Bxf5+ Nxf5 15. Rad1 Nc6 16. Rxd8+ Rxd8 17. Rd1 Re8 18. Nd5 Nxe5 19. Nf6 Re6 20.
Nxh7 Ng6 21. Kf2 Nxf4 22. exf4 Rh6 23. Ng5 Nd6 24. h3 f6 25. Ne6 gxh3 26. gxh3
Rxh3 27. Kg2 Re3 28. f5 Re2+ 29. Kf3 Rxc2 30. Kg4 Rxb2 31. Kh5 Rf2 32. Kg6 Kd7
33. Kxf6 Rxf5+ 34. Kg6 Kxe6 0-1

[Event "V Open Natale Vomero"]
[Site "Napoli ITA"]
[Date "2009.12.17"]
[Round "7"]
[White "Longobardi, Giuseppe"]
[Black "Solombrino, Giovanni"]
[Result "1-0"]
[WhiteElo "1985"]
[BlackElo "1915"]
[PlyCount "101"]
[EventDate "2009.11.05"]

1. d4 Nf6 2. c4 g6 3. Nc3 d5 4. cxd5 Nxd5 5. g3 Bg7 6. Bg2 Nxc3 7. bxc3 O-O 8.
Rb1 c6 9. Nf3 Nd7 10. O-O e5 11. e3 Qa5 12. Qb3 exd4 13. cxd4 Nb6 14. Bd2 Qf5
15. Bb4 Re8 16. Bc5 Be6 17. Qa3 Bf8 18. Bxf8 Rxf8 19. Rfc1 Rfe8 20. Ne5 Qf6 21.
Qb2 Qe7 22. a4 f6 23. Nf3 Rab8 24. a5 Nc4 25. Qc3 Na3 26. Rb4 Nb5 27. Qb2 a6
28. Nd2 Rbc8 29. Ne4 Bd5 30. Nc5 Bxg2 31. Kxg2 Rcd8 32. Qb3+ Kg7 33. h4 h5 34.
Nd3 Qe4+ 35. Kg1 g5 36. Nc5 Qe7 37. hxg5 fxg5 38. Qd1 h4 39. Qg4 hxg3 40. Qxg3
Qf6 41. Kg2 Re7 42. Nd3 Nd6 43. Rh1 Rh8 44. Rxh8 Kxh8 45. Rb1 Nf5 46. Qb8+ Kg7
47. Rxb7 Nh4+ 48. Kf1 Rxb7 49. Qxb7+ Kh6 50. Ne5 c5 51. Ng4+ 1-0

[Event "V Open Natale Vomero"]
[Site "Napoli ITA"]
[Date "2009.12.17"]
[Round "7"]
[White "Messina, Enrico"]
[Black "Seletsky, Grigory"]
[Result "0-1"]
[WhiteElo "2119"]
[BlackElo "2345"]
[PlyCount "96"]
[EventDate "2009.11.05"]

1. e4 e6 2. d4 d5 3. Nd2 Nc6 4. Ngf3 Nf6 5. e5 Nd7 6. Bb5 f6 7. O-O fxe5 8.
Nxe5 Ndxe5 9. dxe5 Bd7 10. Qg4 Qe7 11. Nf3 Nxe5 12. Nxe5 Bxb5 13. Re1 Qf6 14.
c4 Bb4 15. Bg5 h5 16. Qh4 Qf5 17. g4 Qh7 18. cxb5 Bxe1 19. Rxe1 hxg4 20. Qxh7
Rxh7 21. Nxg4 Kf7 22. Ne5+ Ke8 23. h4 a6 24. Rc1 g6 25. bxa6 Rxa6 26. a3 Rb6
27. b4 Ra6 28. Rc3 d4 29. Rd3 Rd6 30. Nxg6 b6 31. Ne5 c5 32. bxc5 bxc5 33. Rb3
Kf8 34. Bf6 Re7 35. Ng6+ Kf7 36. Bxe7 Rd5 37. Bxc5 Rxc5 38. Nf4 e5 39. Nd3 Ra5
40. Kg2 e4 41. Nb2 Ke6 42. a4 Rc5 43. Kg3 Rc3+ 44. Kf4 Rxb3 45. Nc4 Kd5 46. Nd2
Rh3 47. Kg4 Rd3 48. Nf1 Rf3 0-1

[Event "V Open Natale Vomero"]
[Site "Napoli ITA"]
[Date "2009.12.17"]
[Round "7"]
[White "Morace, Vitaliano"]
[Black "Guardascione, Federico G."]
[Result "0-1"]
[WhiteElo "1592"]
[BlackElo "1470"]
[PlyCount "78"]
[EventDate "2009.11.05"]

1. e4 e5 2. Nf3 d6 3. h3 Nf6 4. Nc3 Be7 5. Be2 Nbd7 6. d4 c6 7. Be3 Qc7 8. O-O
O-O 9. Qd3 b5 10. a3 Bb7 11. Bg5 a6 12. Rfd1 Rad8 13. d5 Nc5 14. Qe3 cxd5 15.
Nxd5 Nxd5 16. exd5 Bxg5 17. Nxg5 h6 18. Ne4 Nxe4 19. Qxe4 f5 20. Qd3 Qe7 21.
Qg3 Bc8 22. Re1 Qf6 23. f4 exf4 24. Qxf4 Qxb2 25. Bd3 Qc3 26. Rab1 Qc5+ 27. Kh1
Qxd5 28. Re7 Rf7 29. Rbe1 Rdf8 30. a4 Qc5 31. axb5 axb5 32. R1e3 Kh8 33. Rxf7
Rxf7 34. Re8+ Kh7 35. g4 Bb7+ 36. Kh2 Qd5 37. Bxf5+ g6 38. Bxg6+ Kxg6 39. Rg8+
Kh7 0-1

[Event "V Open Natale Vomero"]
[Site "Napoli ITA"]
[Date "2009.12.17"]
[Round "7"]
[White "Rosato, Luciano"]
[Black "De Rosa, Francesco"]
[Result "1-0"]
[WhiteElo "2275"]
[BlackElo "1973"]
[PlyCount "105"]
[EventDate "2009.11.05"]

1. d4 Nf6 2. Nf3 e6 3. e3 b6 4. Bd3 Bb7 5. Nbd2 d5 6. O-O Nbd7 7. b3 Be7 8. Bb2
O-O 9. Ne5 c5 10. f4 Ne4 11. Qe2 a6 12. a4 Ndf6 13. Rfd1 Qc7 14. Rac1 Rfd8 15.
c4 Nxd2 16. Rxd2 a5 17. cxd5 exd5 18. Rdc2 Bd6 19. dxc5 bxc5 20. Bd4 Qb8 21.
Bxc5 Bxe5 22. fxe5 Qxe5 23. Bd4 Qd6 24. Rf1 Ne4 25. Qg4 Qg6 26. Qxg6 hxg6 27.
Rc7 Nd6 28. Be5 Ba6 29. Bxa6 Rxa6 30. Bxd6 Rdxd6 31. Rfxf7 Re6 32. Rxg7+ Kf8
33. Rh7 Kg8 34. Rhd7 Ra8 35. Kf2 Rae8 36. Rc3 Rf6+ 37. Ke2 Ref8 38. Rxd5 Rf2+
39. Kd3 Rxg2 40. Rc6 Rb8 41. Kc3 Rg1 42. Rcc5 Rb1 43. Rb5 Rc8+ 44. Kd2 Rb2+ 45.
Kd3 Rxh2 46. Rxa5 Rh3 47. Rab5 Re8 48. Re5 Kf7 49. Rb7+ Kf8 50. Rxe8+ Kxe8 51.
Rg7 Rg3 52. a5 Kd8 53. a6 1-0

[Event "II Weekend Basso Veronese A"]
[Site "Casaleone ITA"]
[Date "2009.11.07"]
[Round "1"]
[White "Caldonazzo, Matteo"]
[Black "Bertani, Gianfranco"]
[Result "0-1"]
[WhiteElo "1828"]
[BlackElo "2077"]
[PlyCount "43"]
[EventDate "2009.11.07"]

1. Nf3 c5 2. e3 g6 3. d4 Bg7 4. b3 cxd4 5. exd4 Nf6 6. Bb2 O-O 7. Bd3 Nc6 8.
O-O d5 9. Nbd2 Nb4 10. Be2 Bf5 11. a3 Bxc2 12. Qc1 Bd3 13. axb4 Bxe2 14. Re1
Bxf3 15. Nxf3 e6 16. Ra5 a6 17. Ne5 Nd7 18. Nxd7 Qxd7 19. Rc5 Rfc8 20. Qd2 Bf8
21. Rxc8 Rxc8 22. Ba3 0-1

[Event "II Weekend Basso Veronese A"]
[Site "Casaleone ITA"]
[Date "2009.11.07"]
[Round "1"]
[White "Faccia, Sergio"]
[Black "Ricci, Alfredo"]
[Result "1-0"]
[WhiteElo "2054"]
[BlackElo "1958"]
[PlyCount "101"]
[EventDate "2009.11.07"]

1. e4 e6 2. c4 c5 3. Nf3 Nc6 4. Nc3 d6 5. d4 cxd4 6. Nxd4 Nf6 7. Be2 a6 8. O-O
Be7 9. Be3 O-O 10. f4 Qc7 11. Rc1 Bd7 12. Nd5 exd5 13. cxd5 Rfe8 14. dxc6 bxc6
15. Bf3 Bf8 16. e5 dxe5 17. Nxc6 Bxc6 18. Bxc6 Qa5 19. Bxa8 Rxa8 20. fxe5 Rd8
21. Qe1 Qxe5 22. Bb6 Qxe1 23. Rfxe1 Rb8 24. Bc5 g6 25. Bxf8 Kxf8 26. b3 Nd5 27.
Red1 Rb5 28. Rd4 Ne3 29. Rc3 Nf5 30. Rd7 Rb6 31. g4 Nh4 32. Rh3 g5 33. Rd5 h6
34. Rhd3 Rf6 35. Rd6 Rf4 36. h3 a5 37. Rxh6 a4 38. Ra6 axb3 39. Rxb3 Nf3+ 40.
Kh1 Nh4 41. Ra5 Rf2 42. Kg1 Rf4 43. Rab5 Nf3+ 44. Kg2 Nh4+ 45. Kg1 Nf3+ 46. Kh1
Nh4 47. a3 Rf2 48. Kg1 Rf4 49. R5b4 Nf3+ 50. Kh1 Nd4 51. Rd3 1-0

[Event "II Weekend Basso Veronese A"]
[Site "Casaleone ITA"]
[Date "2009.11.07"]
[Round "1"]
[White "Isatto, Davide"]
[Black "Scotti, Mirko"]
[Result "1-0"]
[WhiteElo "1947"]
[BlackElo "2068"]
[PlyCount "99"]
[EventDate "2009.11.07"]

1. d4 d5 2. c4 e6 3. Nc3 Nf6 4. cxd5 exd5 5. Bg5 Be7 6. e3 O-O 7. Qc2 c6 8. Bd3
Nbd7 9. Nge2 Re8 10. O-O h6 11. Bh4 Nh5 12. Bxe7 Qxe7 13. Rab1 a5 14. a3 Nhf6
15. b4 Qd6 16. Rfd1 Ng4 17. Ng3 Nf8 18. Na4 Qd8 19. h3 Nf6 20. b5 Bd7 21. bxc6
bxc6 22. Nb6 Rb8 23. Nxd7 Qxd7 24. Rdc1 Rxb1 25. Rxb1 Qc7 26. Rc1 Rb8 27. Qa4
Qb6 28. Rxc6 Qb3 29. Bc2 Qxa4 30. Bxa4 Rb1+ 31. Kh2 Ra1 32. Rc3 Ra2 33. f3 h5
34. h4 Ng6 35. Kh3 Ra1 36. Bb5 Re1 37. Be2 Ra1 38. f4 Ne4 39. Nxe4 dxe4 40.
Bxh5 Rh1+ 41. Kg3 Nxh4 42. Rc8+ Kh7 43. Bxf7 Nf5+ 44. Kf2 Ra1 45. Rc5 Nh6 46.
Be6 Rxa3 47. d5 Ra2+ 48. Ke1 Rxg2 49. d6 Rg6 50. d7 1-0

[Event "II Weekend Basso Veronese A"]
[Site "Casaleone ITA"]
[Date "2009.11.07"]
[Round "1"]
[White "Marino, Francesco V."]
[Black "Guerra, Alessandro"]
[Result "0-1"]
[WhiteElo "1887"]
[BlackElo "2229"]
[PlyCount "86"]
[EventDate "2009.11.07"]

1. c4 e5 2. Nc3 Nf6 3. g3 Nc6 4. Bg2 Bb4 5. Nf3 O-O 6. O-O a5 7. d3 h6 8. Bd2
Re8 9. a3 Bc5 10. Rc1 d6 11. h3 e4 12. dxe4 Nxe4 13. Nxe4 Rxe4 14. e3 Re8 15.
Qc2 Be6 16. Kh2 a4 17. Ng1 Ne5 18. Bxb7 Bxc4 19. Rfd1 Ra7 20. Bg2 Bb3 21. Qf5
Re6 22. Rf1 Bc4 23. Rxc4 Nxc4 24. Bc3 Nb6 25. Rd1 Qg5 26. Be4 Qxf5 27. Bxf5 Re8
28. Nf3 Rb8 29. Nd4 Bxd4 30. Rxd4 Rd8 31. Bc2 c5 32. Rg4 g6 33. Bxg6 fxg6 34.
Rxg6+ Kh7 35. Rg4 Nd5 36. Bd2 Rb8 37. Bc1 Rf8 38. Kg2 Raf7 39. f4 Re8 40. Kf2
Rfe7 41. f5 Nxe3 42. Bxe3 Rxe3 43. Rxa4 Rb3 0-1

[Event "II Weekend Basso Veronese A"]
[Site "Casaleone ITA"]
[Date "2009.11.08"]
[Round "2"]
[White "Guerra, Alessandro"]
[Black "Faccia, Sergio"]
[Result "1-0"]
[WhiteElo "2229"]
[BlackElo "2054"]
[PlyCount "83"]
[EventDate "2009.11.07"]

1. e4 e5 2. Nf3 f5 3. Nxe5 Qf6 4. d4 d6 5. Nc4 fxe4 6. Nc3 Qg6 7. Nd5 Qf7 8.
Nf4 Nf6 9. Be2 Be7 10. Ne3 c6 11. d5 O-O 12. h4 Bd7 13. Bc4 b5 14. Bb3 c5 15.
a4 Na6 16. Ne6 c4 17. axb5 cxb3 18. Nxf8 Rxf8 19. bxa6 Ng4 20. Nxg4 Bxg4 21.
Qd2 e3 22. Qxe3 Bg5 23. hxg5 Re8 24. c4 Bf5 25. O-O Rxe3 26. Bxe3 Bd3 27. Rfc1
Qc7 28. Rc3 Bc2 29. c5 dxc5 30. Bxc5 Qe5 31. d6 Qxg5 32. Bxa7 Qd2 33. Be3 Qxd6
34. a7 Be4 35. Rxb3 Kf7 36. Rb6 Qd3 37. Rb8 Qc2 38. a8=Q Bxa8 39. Rbxa8 Qxb2
40. R8a7+ Ke8 41. Bg5 Kf8 42. Rd1 1-0

[Event "II Weekend Basso Veronese A"]
[Site "Casaleone ITA"]
[Date "2009.11.08"]
[Round "2"]
[White "Isatto, Davide"]
[Black "Marino, Francesco V."]
[Result "1/2-1/2"]
[WhiteElo "1947"]
[BlackElo "1887"]
[PlyCount "58"]
[EventDate "2009.11.07"]

1. d4 Nf6 2. c4 e6 3. Nc3 Bb4 4. a3 Bxc3+ 5. bxc3 Ne4 6. Qc2 f5 7. Nh3 b6 8. f3
Nf6 9. e3 Bb7 10. Bd3 O-O 11. O-O d6 12. e4 fxe4 13. fxe4 e5 14. c5 exd4 15.
cxd6 cxd6 16. Qa2+ Kh8 17. Ng5 Qe7 18. Bd2 h6 19. Ne6 Re8 20. Nf4 Qd8 21. Rae1
Rxe4 22. Bxe4 Nxe4 23. Ng6+ Kh7 24. Qf7 Nd7 25. Qf5 Ndf6 26. Nh4+ Kh8 27. Ng6+
Kg8 28. Qe6+ Kh7 29. Qf5 Kg8 1/2-1/2

[Event "II Weekend Basso Veronese A"]
[Site "Casaleone ITA"]
[Date "2009.11.08"]
[Round "2"]
[White "Ricci, Alfredo"]
[Black "Caldonazzo, Matteo"]
[Result "1/2-1/2"]
[WhiteElo "1958"]
[BlackElo "1828"]
[PlyCount "108"]
[EventDate "2009.11.07"]

1. e4 e6 2. d4 d5 3. Nc3 Nf6 4. Bg5 dxe4 5. Nxe4 Be7 6. Nxf6+ Bxf6 7. Bxf6 Qxf6
8. Nf3 O-O 9. Bd3 Nd7 10. O-O c5 11. c3 Rd8 12. Qe2 cxd4 13. cxd4 Nb6 14. Rfd1
Nd5 15. Qe4 g6 16. Rac1 b6 17. Qe5 Bb7 18. Be4 Qxe5 19. Nxe5 Rac8 20. a3 Rxc1
21. Rxc1 Nf4 22. Re1 Bxe4 23. Rxe4 Rxd4 24. Re1 Rd2 25. Rb1 Nd3 26. Nxd3 Rxd3
27. Kf1 Rd2 28. b4 Ra2 29. Rb3 Kf8 30. g3 Ke7 31. Kg2 Kd6 32. Rd3+ Kc6 33. h4
Kb5 34. g4 Ka4 35. Rd7 Rxa3 36. Rxa7+ Kxb4 37. Rxf7 b5 38. Rxh7 e5 39. Re7 Kc3
40. Rxe5 b4 41. Kg3 Kc2+ 42. Kf4 b3 43. Rb5 b2 44. Rxb2+ Kxb2 45. Kg5 Ra6 46.
f4 Kc3 47. f5 gxf5 48. Kxf5 Kd4 49. h5 Rh6 50. Kg5 Rh8 51. Kg6 Ke5 52. Kg7 Ra8
53. h6 Kf4 54. h7 Kxg4 1/2-1/2

[Event "II Weekend Basso Veronese A"]
[Site "Casaleone ITA"]
[Date "2009.11.08"]
[Round "2"]
[White "Scotti, Mirko"]
[Black "Bertani, Gianfranco"]
[Result "1/2-1/2"]
[WhiteElo "2068"]
[BlackElo "2077"]
[PlyCount "107"]
[EventDate "2009.11.07"]

1. d4 c5 2. c3 b6 3. Nf3 Bb7 4. Bf4 Nf6 5. e3 d6 6. Be2 g6 7. O-O Bg7 8. Nbd2
O-O 9. h3 Nc6 10. Qa4 a6 11. Qa3 h6 12. Rab1 e5 13. Bh2 e4 14. Ne1 Re8 15. Nc2
Bf8 16. b4 cxb4 17. Nxb4 Nxb4 18. Qxb4 b5 19. c4 d5 20. c5 Bc6 21. Rfc1 Qd7 22.
Nb3 Be7 23. Na5 Rec8 24. Bd1 Bd8 25. Nxc6 Qxc6 26. a4 bxa4 27. Bxa4 Qe6 28. Qb7
g5 29. c6 g4 30. h4 Ne8 31. Qd7 Bc7 32. Qxe6 fxe6 33. Rb7 Kf8 34. Rcb1 h5 35.
Bxc7 Nxc7 36. Kh2 Ke7 37. Kg3 Kd6 38. R1b2 e5 39. dxe5+ Kxe5 40. f4+ gxf3 41.
gxf3 exf3 42. Kxf3 Rf8+ 43. Ke2 Kd6 44. Rb1 Rae8 45. Rg1 Rg8 46. Rbb1 Nb5 47.
Rxg8 Rxg8 48. Bxb5 axb5 49. Rxb5 Kxc6 50. Rb4 Re8 51. Kf3 Kc5 52. Rf4 Re5 53.
Rf8 Kc4 54. Rf4+ 1/2-1/2

[Event "II Weekend Basso Veronese A"]
[Site "Casaleone ITA"]
[Date "2009.11.08"]
[Round "3"]
[White "Bertani, Gianfranco"]
[Black "Ricci, Alfredo"]
[Result "1-0"]
[WhiteElo "2077"]
[BlackElo "1958"]
[PlyCount "83"]
[EventDate "2009.11.07"]

1. Nf3 Nf6 2. d4 c5 3. e3 g6 4. b3 cxd4 5. exd4 Bg7 6. Bd3 O-O 7. O-O a6 8. Ba3
Re8 9. Re1 b5 10. Nbd2 d6 11. c4 Nbd7 12. Ne4 Bb7 13. Qe2 bxc4 14. bxc4 Qa5 15.
Bc1 Nc5 16. Bd2 Qa3 17. dxc5 Nxe4 18. Bxe4 Bxe4 19. Qxe4 Bxa1 20. Rxa1 Qxc5 21.
Be3 Qf5 22. Qxf5 gxf5 23. Nh4 e6 24. Rc1 Rab8 25. h3 Rb2 26. Rc3 Rxa2 27. Bh6
Kh8 28. Bg5 Kg7 29. Rg3 f6 30. Bf4+ Kf7 31. Bxd6 a5 32. Rb3 Ra4 33. Rb7+ Kg8
34. Rc7 Rd8 35. Be7 Rd4 36. Bxf6 Rdxc4 37. Rg7+ Kf8 38. Rxh7 Re4 39. Ng6+ Ke8
40. Ne5 Rxe5 41. Bxe5 Re4 42. f4 1-0

[Event "II Weekend Basso Veronese A"]
[Site "Casaleone ITA"]
[Date "2009.11.08"]
[Round "3"]
[White "Caldonazzo, Matteo"]
[Black "Guerra, Alessandro"]
[Result "1/2-1/2"]
[WhiteElo "1828"]
[BlackElo "2229"]
[PlyCount "78"]
[EventDate "2009.11.07"]

1. d4 Nf6 2. c4 d6 3. Nc3 Nbd7 4. e4 e5 5. d5 Nc5 6. f3 a5 7. Be3 g6 8. Nge2
Bg7 9. Nc1 O-O 10. Nd3 b6 11. Qd2 Bd7 12. O-O-O Na4 13. Be2 Nxc3 14. Qxc3 c5
15. g4 b5 16. h4 Qb6 17. h5 Rfb8 18. hxg6 fxg6 19. Rh2 Rb7 20. Rdh1 Rab8 21.
Bg5 bxc4 22. Qxc4 Bb5 23. Qc3 c4 24. Ne1 Qd4 25. Nc2 Qxc3 26. bxc3 Ba4 27. Na3
h5 28. gxh5 Nxh5 29. Bxc4 Rc7 30. Rb2 Rbc8 31. Bb3 Rxc3+ 32. Kb1 Bxb3 33. Rxb3
a4 34. Rxc3 Rxc3 35. Nb5 Rxf3 36. Nxd6 Bf8 37. Nc4 Ng3 38. Re1 Bb4 39. Bd2 Bxd2
1/2-1/2

[Event "II Weekend Basso Veronese A"]
[Site "Casaleone ITA"]
[Date "2009.11.08"]
[Round "3"]
[White "Faccia, Sergio"]
[Black "Isatto, Davide"]
[Result "1-0"]
[WhiteElo "2054"]
[BlackElo "1947"]
[PlyCount "73"]
[EventDate "2009.11.07"]

1. e4 Nf6 2. Bc4 Nxe4 3. Bxf7+ Kxf7 4. Qh5+ g6 5. Qd5+ e6 6. Qxe4 Qf6 7. Nf3
Nc6 8. d4 h6 9. O-O d6 10. Nc3 d5 11. Qf4 Bd6 12. Qxf6+ Kxf6 13. Nb5 Bd7 14.
Nxd6 cxd6 15. Be3 e5 16. c3 Bf5 17. Rad1 Rad8 18. h3 Kg7 19. dxe5 Nxe5 20. Bd4
Rhe8 21. Rfe1 Kf7 22. Nxe5+ dxe5 23. Bxe5 a6 24. Bd4 Rxe1+ 25. Rxe1 Re8 26. Be3
h5 27. Rd1 Be6 28. a3 Kf6 29. Rd4 Bf7 30. Rb4 b5 31. a4 Re4 32. Bd4+ Kf5 33.
axb5 axb5 34. Rxb5 Re1+ 35. Kh2 Rb1 36. Rb7 Be8 37. Rb4 1-0

[Event "II Weekend Basso Veronese A"]
[Site "Casaleone ITA"]
[Date "2009.11.08"]
[Round "3"]
[White "Marino, Francesco V."]
[Black "Scotti, Mirko"]
[Result "1/2-1/2"]
[WhiteElo "1887"]
[BlackElo "2068"]
[PlyCount "65"]
[EventDate "2009.11.07"]

1. c4 e6 2. Nc3 d5 3. cxd5 exd5 4. d4 Nf6 5. Bf4 Bd6 6. Bxd6 Qxd6 7. Qc2 c6 8.
e3 O-O 9. Bd3 Re8 10. Nge2 Nbd7 11. O-O b6 12. Ng3 Nf8 13. Rfe1 Bd7 14. Rad1
Rac8 15. e4 dxe4 16. Ncxe4 Nxe4 17. Bxe4 Be6 18. h3 g6 19. Ne2 Nd7 20. a3 Nf6
21. Bf3 Bd5 22. Qd3 Re7 23. Nc3 Bxf3 24. Qxf3 Rce8 25. Re3 Rxe3 26. fxe3 Qe6
27. Kf2 Kg7 28. d5 cxd5 29. Nxd5 Ne4+ 30. Kg1 Qe5 31. b4 Nc3 32. Nxc3 Qxc3 33.
Rd7 1/2-1/2

[Event "II Weekend Basso Veronese A"]
[Site "Casaleone ITA"]
[Date "2009.11.14"]
[Round "4"]
[White "Guerra, Alessandro"]
[Black "Bertani, Gianfranco"]
[Result "1/2-1/2"]
[WhiteElo "2229"]
[BlackElo "2077"]
[PlyCount "134"]
[EventDate "2009.11.07"]

1. e4 c5 2. Bc4 Nc6 3. Nc3 e6 4. Nf3 a6 5. d4 cxd4 6. Nxd4 Qc7 7. Be3 Bb4 8.
Qg4 Nge7 9. Bd3 Bxc3+ 10. bxc3 Ne5 11. Qg3 Qxc3+ 12. Ke2 N7g6 13. f4 Nxd3 14.
cxd3 O-O 15. Rac1 Qa5 16. Rc2 e5 17. Nb3 exf4 18. Bxf4 Qh5+ 19. Kd2 Nxf4 20.
Qxf4 d5 21. e5 f6 22. Re1 fxe5 23. Qxe5 Rf2+ 24. Kc1 Rxc2+ 25. Kxc2 Qf7 26.
Qe8+ Qf8 27. Qxf8+ Kxf8 28. Re5 Bd7 29. Rxd5 Be6 30. Rc5 Rc8 31. Rxc8+ Bxc8 32.
Kc3 Ke7 33. Kd4 Kd6 34. Nc5 b6 35. Ne4+ Kc6 36. Ke5 Bg4 37. Ng5 Be2 38. Kd4 Bf1
39. g3 h6 40. Ne6 g6 41. Nd8+ Kd7 42. Nf7 Ke6 43. Ne5 g5 44. Nc4 b5 45. Nd2 Bg2
46. Kc5 Bd5 47. a3 Ke5 48. d4+ Ke6 49. Nf1 Bc4 50. Ne3 Bd3 51. Kc6 Be4+ 52. Kc5
h5 53. h4 gxh4 54. gxh4 Bf3 55. Kb6 Be2 56. Kc6 Bf3+ 57. d5+ Ke5 58. Kc5 Be4
59. d6 Ke6 60. Nf1 Kd7 61. Ng3 Bf3 62. Nf5 Be4 63. Nd4 Bb7 64. Ne2 a5 65. Kxb5
Kxd6 66. Ng3 Bf3 67. Kxa5 Ke5 1/2-1/2

[Event "II Weekend Basso Veronese A"]
[Site "Casaleone ITA"]
[Date "2009.11.14"]
[Round "4"]
[White "Isatto, Davide"]
[Black "Caldonazzo, Matteo"]
[Result "0-1"]
[WhiteElo "1947"]
[BlackElo "1828"]
[PlyCount "78"]
[EventDate "2009.11.07"]

1. c4 f5 2. Nc3 Nf6 3. g3 d6 4. Bg2 g6 5. d3 Bg7 6. Bd2 a5 7. Qc1 c6 8. Bh6
Bxh6 9. Qxh6 Qb6 10. Qd2 e5 11. e3 O-O 12. Nge2 Be6 13. O-O Na6 14. b3 Rad8 15.
Rfd1 d5 16. cxd5 Nxd5 17. d4 Nxc3 18. Qxc3 exd4 19. Rxd4 Nb4 20. Qb2 c5 21.
Rxd8 Rxd8 22. Qf6 Nd5 23. Bxd5 Rxd5 24. Nf4 Rd6 25. Qe7 Bf7 26. Rc1 Qc6 27. h4
b6 28. Qe5 Rd2 29. a4 Qd6 30. Qc3 Rd1+ 31. Rxd1 Qxd1+ 32. Kg2 Qxb3 33. Qe5 Qxa4
34. Qb8+ Be8 35. Qxb6 Qc6+ 36. Qxc6 Bxc6+ 37. Kf1 a4 38. Ne6 a3 39. Nxc5 Bd5
0-1

[Event "II Weekend Basso Veronese A"]
[Site "Casaleone ITA"]
[Date "2009.11.14"]
[Round "4"]
[White "Marino, Francesco V."]
[Black "Faccia, Sergio"]
[Result "0-1"]
[WhiteElo "1887"]
[BlackElo "2054"]
[PlyCount "36"]
[EventDate "2009.11.07"]

1. c4 Nf6 2. Nc3 c5 3. g3 g6 4. Bg2 Bg7 5. Nf3 O-O 6. O-O Nc6 7. Rb1 d5 8. cxd5
Nxd5 9. Nxd5 Qxd5 10. a3 Qa2 11. Qc2 Bg4 12. e3 c4 13. Ne1 Be2 14. b4 Qxc2 15.
Nxc2 Bxf1 16. Bxf1 Ne5 17. Bb2 Nf3+ 18. Kh1 Nxd2 0-1